<?xml version="1.0" encoding="UTF-8"?><?xml-stylesheet type="text/xsl" href="static/style.xsl"?><OAI-PMH xmlns="http://www.openarchives.org/OAI/2.0/" xmlns:xsi="http://www.w3.org/2001/XMLSchema-instance" xsi:schemaLocation="http://www.openarchives.org/OAI/2.0/ http://www.openarchives.org/OAI/2.0/OAI-PMH.xsd"><responseDate>2026-04-14T17:52:46Z</responseDate><request verb="GetRecord" identifier="oai:uvadoc.uva.es:10324/41396" metadataPrefix="marc">https://uvadoc.uva.es/oai/request</request><GetRecord><record><header><identifier>oai:uvadoc.uva.es:10324/41396</identifier><datestamp>2021-06-30T03:05:27Z</datestamp><setSpec>com_10324_38</setSpec><setSpec>col_10324_852</setSpec></header><metadata><record xmlns="http://www.loc.gov/MARC21/slim" xmlns:doc="http://www.lyncode.com/xoai" xmlns:xsi="http://www.w3.org/2001/XMLSchema-instance" xmlns:dcterms="http://purl.org/dc/terms/" xsi:schemaLocation="http://www.loc.gov/MARC21/slim http://www.loc.gov/standards/marcxml/schema/MARC21slim.xsd">
<leader>00925njm 22002777a 4500</leader>
<datafield tag="042" ind1=" " ind2=" ">
<subfield code="a">dc</subfield>
</datafield>
<datafield tag="720" ind1=" " ind2=" ">
<subfield code="a">López Fernández, Rubén</subfield>
<subfield code="e">author</subfield>
</datafield>
<datafield tag="260" ind1=" " ind2=" ">
<subfield code="c">2020</subfield>
</datafield>
<datafield tag="520" ind1=" " ind2=" ">
<subfield code="a">El presente Trabajo de Fin de Grado tiene como objetivo principal el estudio de los&#xd;
diversos dispositivos de fuerza constante que existen y las aplicaciones que tienen&#xd;
en la actualidad. Para ello, se analizará su comportamiento físico y los fenómenos&#xd;
que lo originan. Buscando entender las diferencias entre estos dispositivos y los&#xd;
resortes convencionales se explicará ambos mundos enumerando características y&#xd;
diferencias.&#xd;
Además, se prototiparán alguno de estos dispositivos a fin de estudiar su&#xd;
comportamiento de forma experimental. Para conseguir dicho objetivo, el estudio&#xd;
empleará tanto objetos al alcance de todos como herramientas de impresión aditiva&#xd;
del laboratorio tales como la impresora 3D y diversos softwares como Catia V5 y Cura.</subfield>
</datafield>
<datafield tag="520" ind1=" " ind2=" ">
<subfield code="a">The current work aims at studying the different constant force devices that exist as&#xd;
well as their current applications. In order to do so, we will analyze their physics&#xd;
behavior and the phenomena that originate them. Trying to understand the&#xd;
differences between these devices and the conventional springs we will explain both&#xd;
worlds numerating their characteristics and differences.&#xd;
Furthermore, we will prototype some of these devices in order to study their behavior&#xd;
through experimentation. In order to achieve this, the study will utilize both everyday&#xd;
objects such as additive printing tools from the laboratory such as the 3d printer as&#xd;
well as different softwares such as Catia V5 and Cura.</subfield>
</datafield>
<datafield tag="024" ind2=" " ind1="8">
<subfield code="a">http://uvadoc.uva.es/handle/10324/41396</subfield>
</datafield>
<datafield tag="245" ind1="0" ind2="0">
<subfield code="a">Introducción a los dispositivos de fuerza constante. Tipología y pruebas de concepto de algunos casos.</subfield>
</datafield>
</record></metadata></record></GetRecord></OAI-PMH>